The Digital Galaxy/ (Record no. 210386)

MARC details
000 -LEADER
fixed length control field 00663nam a22001937a 4500
005 - DATE AND TIME OF LATEST TRANSACTION
control field 20250320112108.0
010 ## - LCCN (DPL NO)
LC control number ENG-144122
020 ## - INTERNATIONAL STANDARD BOOK NUMBER
International Standard Book Number 9789390670666
Terms of availability 290.00
035 ## - SYSTEM CONTROL NUMBER
System control number EN-127654
037 ## - SOURCE OF ACQUISITION
Source of stock number/acquisition DBAD
082 ## - DEWEY DECIMAL CLASSIFICATION NUMBER
Classification number 881
100 ## - MAIN ENTRY--PERSONAL NAME
Personal name Sekulic, Meja Herman
245 ## - TITLE STATEMENT
Title The Digital Galaxy/
Statement of responsibility, etc Meja Herman Sekulic [and] translated by... Viktor Radun Teon
260 ## - PUBLICATION, DISTRIBUTION, ETC. (IMPRINT)
Place of publication, distribution, etc Gurugram
Name of publisher, distributor, etc Earth Vision Publications
Date of publication, distribution, etc 2024
270 ## - ADDRESS
Address H-23/16, DLF Phase-I, Gurugram
City Haryana
Postal code 122002
Electronic mail address earthvisionpublications@gmail.com
300 ## - PHYSICAL DESCRIPTION
Extent xiv;117p.
Dimensions 21 cm(Pb)
700 ## - ADDED ENTRY--PERSONAL NAME
Personal name Viktor Radun Teon
9 (RLIN) 76691
Relator term Translator
942 ## - ADDED ENTRY ELEMENTS (KOHA)
Source of classification or shelving scheme Dewey Decimal Classification
Item type English Books
Classification part 881
Call number suffix SEK

No items available.


© Delhi Public Library
Hit Counter
free hit counter